000 00480nam a2200193Ia 4500
005 20240930115247.0
008 131103s9999 xx 000 0 und d
020 _cRs.130.00
040 _aLoreto College
041 _aEnglish
082 _a891.44
_bTHA
100 _aThakur, Rabindranath
245 _aGalpaguchho
_cRabindranath Thakur
260 _aKolkata
_bRamkrisna pustakalay
_c2004
300 _a932p
650 _aBengali language
850 _aLCBED
942 _cBK
999 _c30555
_d81034